000 00574nam a2200193 i 4500
001 86918
003 ES-MaACL
005 20230906175542.0
007 t|
008 041216s1976 sp ||||1| spa d
100 1 _aKolosimo, Peter.
_968530
245 1 3 _aEl planeta incognito /
_cPeter Kolosimo ; [traducción de Juan Moreno].
250 _a[4ª ed.].
260 _a[Esplugas de Llobregat] :
_bPlaza & Janés,
_c[1976]
300 _a326 p., 18 lám. :
_bil. ;
_c23 cm.
700 1 _aMoreno, Juan.
_9182367
852 _aES-MaACL
_jA-5917
_bR.94867
999 _c86918
_d86918